000
00319nam a2200133Ia 4500
008
230917s9999||||xx |||||||||||||| ||und||
040
_e
94403
_a
MAIN
041
_a
English
082
_a
333.3322 N167T
100
_a
Narender Singh
245
0
_a
Translations in land market in Haryana
300
_a
212 p.
942
_c
TH
999
_c
86710
_d
86710